<Die> räumliche Situation in der DDR- Regionen.
Rozpracovanie priestorovej situácie v doterajšej NDR a jej historický vývoj. Náčrt správy o priestorovom usporiadaní. Problémy a prednosti oblastí NDR. Definovanie prispôsobivosti oblastí a možné kroky jej realizovateľnosti. Nástroje a osobný potenciál spolkových krajín a obcí.
Uložené v:
| Hlavný autor: | |
|---|---|
| Médium: | Kapitola |
| Jazyk: | German |
| Predmet: | |
| Tagy: |
Žiadne tagy, Buďte prvý, kto otaguje tento záznam!
|
MARC
| LEADER | 00000naa a2200000 4500 | ||
|---|---|---|---|
| 001 | r002806 | ||
| 005 | 20220819193503.7 | ||
| 041 | 0 | |a ger | |
| 044 | |a DE | ||
| 245 | 1 | 0 | |a <Die> räumliche Situation in der DDR- Regionen. |c W. Ostwald |
| 520 | |a Rozpracovanie priestorovej situácie v doterajšej NDR a jej historický vývoj. Náčrt správy o priestorovom usporiadaní. Problémy a prednosti oblastí NDR. Definovanie prispôsobivosti oblastí a možné kroky jej realizovateľnosti. Nástroje a osobný potenciál spolkových krajín a obcí. | ||
| 610 | 2 | 0 | |a ekonomika priestorová |
| 610 | 2 | 0 | |a NDR |
| 610 | 2 | 0 | |a regióny |
| 100 | 1 | |a Ostwald, W. | |